MARC details
| 000 -LEADER |
| fixed length control field |
03495cam a22003254a 4500 |
| 001 - CONTROL NUMBER |
| control field |
16685533 |
| 005 - DATE AND TIME OF LATEST TRANSACTION |
| control field |
20201128021151.0 |
| 008 - FIXED-LENGTH DATA ELEMENTS--GENERAL INFORMATION |
| fixed length control field |
110309s2011 xxkadk frb f001 0 eng d |
| 010 ## - LIBRARY OF CONGRESS CONTROL NUMBER |
| LC control number |
2011010608 |
| 020 ## - INTERNATIONAL STANDARD BOOK NUMBER |
| International Standard Book Number |
9781107002135 (hardback) |
| 020 ## - INTERNATIONAL STANDARD BOOK NUMBER |
| International Standard Book Number |
1107002133 (hardback) |
| 035 ## - SYSTEM CONTROL NUMBER |
| System control number |
(OCoLC)ocn716067129 |
| 040 ## - CATALOGING SOURCE |
| Original cataloging agency |
DLC |
| Transcribing agency |
DLC |
| Modifying agency |
YDX |
| -- |
YDXCP |
| -- |
UKMGB |
| -- |
CDX |
| -- |
UTO |
| -- |
BWX |
| -- |
DLC |
| -- |
EG-ScBUE |
| 082 00 - DEWEY DECIMAL CLASSIFICATION NUMBER |
| Classification number |
621.38412 |
| Edition number |
22 |
| Item number |
DIG |
| 245 00 - TITLE STATEMENT |
| Title |
Digital front-end in wireless communication and broadcasting : |
| Remainder of title |
circuits and signal processing / |
| Statement of responsibility, etc |
edited by Fa-Long Luo. |
| 260 ## - PUBLICATION, DISTRIBUTION, ETC. (IMPRINT) |
| Place of publication, distribution, etc |
Cambridge, United Kingdom ; |
| -- |
New York, United States : |
| Name of publisher, distributor, etc |
Cambridge University Press, |
| Date of publication, distribution, etc |
2011. |
| 300 ## - PHYSICAL DESCRIPTION |
| Extent |
xxiii, 763 p. : |
| Other physical details |
charts, forms, tables ; |
| Dimensions |
26 cm. |
| 500 ## - GENERAL NOTE |
| General note |
Index : p. 758-763. |
| 504 ## - BIBLIOGRAPHY, ETC. NOTE |
| Bibliography, etc |
Includes bibliographical references. |
| 505 0# - FORMATTED CONTENTS NOTE |
| Formatted contents note |
Lauri Anttila; 18. Diversity and error compensation in OFDM transceivers : principles and implementation Tomohisa Wada ; 19. Front-end architectures and impairment corrections in multi-mode and multi-antenna systems G. Villemaud, J. Verdier, M. Gautier, I. Burciu and P. F. Morlat; Part V. Circuits and System Integration in Digital Front-End : 20. Integration and interface of digital front-end with analog front-end Steven Loh ; 21. Circuits and systems for digital front-ends to support multiple wireless standards Imtinan Elahi and Khurram Muhammad ; 22. Programming models and implementation platforms for software defined radio configuration Tanguy Risset, Riadh Ben Abdallah, Antoine Fraboulet and Jerome Martin ; 23. Programmable discrete-time integrated receiver front-ends Norm Filiol, Robert Klett and Thomas Riley ; 24. Multi-port front-end and transceivers for V-band multi-gigabit/s communication systems S. O. Tatu, E. Moldovan and S. Affes ; 25. Cross-layer design and digital front-end for cognitive wireless link M. Gautier, G. Villemaud, Cedric Le ;vy-Bencheton, Dominique Noguet and Tanguy Risset. |
| 520 ## - SUMMARY, ETC. |
| Summary, etc |
"Covering everything from signal processing algorithms to integrated circuit design, this complete guide to digital front-end is invaluable for professional engineers and researchers in the fields of signal processing, wireless communication and circuit design. Showing how theory is translated into practical technology, it covers all the relevant standards and gives readers the ideal design methodology to manage a rapidly increasing range of applications. Step-by-step information for designing practical systems is provided, with a systematic presentation of theory, principles, algorithms, standards and implementation. Design trade-offs are also included, as are practical implementation examples from real-world systems. A broad range of topics is covered, including digital pre-distortion (DPD), digital up-conversion (DUC), digital down-conversion (DDC) and DC-offset calibration. Other important areas discussed are peak-to-average power ratio (PAPR) reduction, crest factor reduction (CFR), pulse-shaping, image rejection, digital mixing, delay/gain/imbalance compensation, error correction, noise-shaping, numerical controlled oscillator (NCO) and various diversity methods"- |
| 650 #0 - SUBJECT ADDED ENTRY--TOPICAL TERM |
| Topical term or geographic name as entry element |
Radio |
| General subdivision |
Transmitters and transmission |
| 9 (RLIN) |
36986 |
| 650 #0 - SUBJECT ADDED ENTRY--TOPICAL TERM |
| Topical term or geographic name as entry element |
Digital communications |
| 9 (RLIN) |
1260 |
| 650 #0 - SUBJECT ADDED ENTRY--TOPICAL TERM |
| Topical term or geographic name as entry element |
Signal processing |
| General subdivision |
Digital techniques |
| 9 (RLIN) |
23318 |
| 650 #0 - SUBJECT ADDED ENTRY--TOPICAL TERM |
| Topical term or geographic name as entry element |
Radio circuits |
| 9 (RLIN) |
34801 |
| 653 ## - INDEX TERM--UNCONTROLLED |
| Resource For college |
Engineering, Electrical |
| Arrived date list |
December2014 |
| 655 ## - INDEX TERM--GENRE/FORM |
| Form subdivision |
|
| -- |
34232 |
| 700 1# - ADDED ENTRY--PERSONAL NAME |
| Personal name |
Luo, Fa-Long |
| 9 (RLIN) |
36987 |
| 942 ## - ADDED ENTRY ELEMENTS (KOHA) |
| Source of classification or shelving scheme |
Dewey Decimal Classification |
| Call number prefix |
621.38412 DIG |